Visualizzazione normale
Vista MARC
- Gabrielli Gabriella
di Personal Name
Records bibliografici associati: 1
001 - CONTROL NUMBER
- control field: 62062
003 - CONTROL NUMBER IDENTIFIER
- control field:
005 - DATE AND TIME OF LATEST TRANSACTION
- control field: 20250409113353.0
008 - FIXED-LENGTH DATA ELEMENTS
- fixed length control field: 250409|| aca||aabn | a|a d
040 ## - CATALOGING SOURCE
- Original cataloging agency:
- Transcribing agency:
100 ## - HEADING--PERSONAL NAME
- Personal name: Gabrielli Gabriella
670 ## - SOURCE DATA FOUND
- Source citation: Work cat.: ()244320: Gabrielli Gabriella, Un'accoglienza "preventiva", 2009